| 000 | 00776nam a2200217Ia 4500 | ||
|---|---|---|---|
| 005 | 20260601193249.0 | ||
| 008 | 260601s9999||||xx |||||||||||||| ||und|| | ||
| 020 |
_a978-3-031-63989-0 _qebk |
||
| 100 | _aArkady Zaslavsky | ||
| 245 | 0 | _aMobile and Ubiquitous Systems: Computing, Networking and Services | |
| 250 | _a2024 | ||
| 260 |
_aHeidelberg, Germany _bSpringer Nature _c2024 |
||
| 440 | _aLecture Notes of the Institute for Computer Sciences, Social Informatics and Telecommunications Engineering | ||
| 650 | _aComputer Science | ||
| 700 | _aDimitrios Georgakopoulos | ||
| 700 | _aPanos K. Chrysanthis | ||
| 700 | _aVana Kalogeraki | ||
| 700 | _aZhaolong Ning | ||
| 856 | _uhttps://link.springer.com/openurl?genre=book&isbn=978-3-031-63989-0 | ||
| 942 |
_cEB _2ddc |
||
| 999 |
_c56662 _d56662 |
||